Gracie Abrams - Chansons de l'album The Secret of Us - Statistiques

Statistiques générales
  • Ce quiz a été pris 153 fois
    135 depuis la dernière actualisation
  • Le résultat moyen est 13 sur 17
Statistiques - réponses
Hint Réponse % Correct
The Secret of Us 4 I Love You, I’m Sorry
94%
The Secret of Us Deluxe 15 That's So True
94%
The Secret of Us 2 Risk
92%
The Secret of Us Deluxe 14 Cool
89%
The Secret of Us 5 ​us. (ft. Taylor Swift)
86%
The Secret of Us 13 Close To You
80%
The Secret of Us 3 Blowing Smoke
79%
The Secret of Us 6 Let It Happen
78%
The Secret of Us 11 Good Luck Charlie
73%
The Secret of Us 12 Free Now
69%
The Secret of Us Deluxe 16 I Told You Things
69%
The Secret of Us Deluxe 17 Packing It Up
69%
The Secret of Us 7 Tough Love
66%
The Secret of Us 9 Gave You I Gave You I
65%
The Secret of Us 1 Felt Good About You
60%
The Secret of Us 10 Normal Thing
59%
The Secret of Us 8 I Knew It, I Know You
58%
Aucun quiz correspondant
Distribution des résultats
% des personnes avec chaque résultat
Percentile par nombre de réponses
Votre historique - résultats
Vous n’avez pas pris ce quiz depuis la dernière actualisation